000 00542nam a2200193Ia 4500
005 20250923145314.0
008 008 250917s9999 xx 000 0 eng d
037 _aTextual
040 _aDSWL
_beng
_cDSWL
041 _aeng
_2eng
084 _aY12x1, N63
_qDSWL
245 0 _aYouth : Change and challenge
_c Ed.by Erik H. Erikson
260 _aNew York
_b Basic Book Pub. Inc
_c1963
300 _axiv,284 p.
365 _aINR
_b57 . 38
925 _g57 . 38
942 _cTEXL
_hY12x1, N63
999 _c1449750
_d1449750